Первая российская: сравочник о революции 1905 - 1907 гг.

Bibliographic Details
Language:Russian
Published: Москва, Политиздат, 1985
Subjects:
Format: Book
KOHA link:https://koha.lib.tpu.ru/cgi-bin/koha/opac-detail.pl?biblionumber=80810

MARC

LEADER 00000nam0a2200000 4500
001 80810
005 20231031094844.0
035 |a (RuTPU)RU\TPU\book\86874 
090 |a 80810 
100 |a 20050912d1985 m y0rusy50 ca 
101 0 |a rus 
102 |a RU 
105 |a a g 000zy 
200 1 |a Первая российская  |e сравочник о революции 1905 - 1907 гг. 
210 |a Москва  |c Политиздат  |d 1985 
215 |a 302 с.  |c ил. 
610 1 |a Россия 
610 1 |a история 
610 1 |a русская революция 
610 1 |a 20 век 
610 1 |a персоналии 
610 1 |a справочник 
686 |a Ф61(2)253  |v LBC/SL-A  |2 rubbk 
801 1 |a RU  |b 63413507  |c 20050912  |g PSBO 
801 2 |a RU  |b 63413507  |c 20101129  |g PSBO 
942 |c BK